|
|
|
|
| LEADER |
00000cam a2200000 7i4500 |
| 001 |
0000019002 |
| 005 |
20080613.0 |
| 008 |
080612 |
| 020 |
|
|
|a 9814155748
|
| 090 |
0 |
0 |
|a 915.95706
|b KOH
|
| 100 |
1 |
|
|a Koh, Aun
|
| 245 |
1 |
0 |
|a Singapore chic :
|b hotel, restaurants, spas, resorts, galleries, bar
|c Text by Aun Koh ; Susan Leong
|
| 260 |
|
|
|b Archipelago Press
|
| 650 |
|
0 |
|a Health resort Singapore
|
| 650 |
|
0 |
|a Restaurants singapore
|
| 650 |
|
0 |
|a Singapore guide books
|
| 650 |
|
0 |
|a Stores, retail Singapore
|
| 700 |
1 |
|
|a Leong, Susan
|
| 999 |
|
|
|a 0001024126
|b Book
|c Adult Collection
|e Perbadanan Perpustakaan Awam Johor
|